US State Capitals that Start with Vowels - Statistics

General Stats
  • This quiz has been taken 51 times
  • The average score is 7 of 8
Answer Stats
State Capital % Correct
New York Albany
98%
Texas Austin
93%
Indiana Indianapolis
93%
Maryland Annapolis
90%
Maine Augusta
88%
Oklahoma Oklahoma City
80%
Georgia Atlanta
75%
Washington Olympia
75%
No matching quizzes found
Score Distribution
Percent of People with Each Score
Percentile by Number Answered
Your Score History
You have not taken this quiz